Les 30 Argentins les + chers de l'histoire - Statistiques

Statistiques générales
  • Ce quiz a été pris 54 fois
    8 depuis la dernière actualisation
  • Le résultat moyen est 23 sur 30
Statistiques - réponses
# Saison De Vers Valeur du transfert Poste Joueur % Correct
15 23/24 Brighton & Hove Albion Liverpool FC 42 000 000 € M Alexis Mac Allister
100%
4 14/15 Real Madrid CF Manchester United 75 000 000 € A Ángel Di María
100%
5 15/16 Manchester United Paris Saint-Germain 63 000 000 € A Ángel Di María
100%
26 10/11 Rosario Central SL Benfica 33 000 000 € A Ángel Di María
100%
1 22/23 SL Benfica Chelsea FC 121 000 000 € M Enzo Fernández
100%
13 22/23 CA River Plate SL Benfica 44 250 000 € M Enzo Fernández
100%
2 16/17 SSC Napoli Juventus 90 000 000 € A Gonzalo Higuaín
100%
21 13/14 Real Madrid CF SSC Napoli 39 000 000 € A Gonzalo Higuaín
100%
16 11/12 Palermo FC Paris Saint-Germain 42 000 000 € M Javier Pastore
100%
18 18/19 FC Zenit SPB Paris Saint-Germain 40 000 000 € M Leandro Paredes
100%
12 15/16 Valencia CF Manchester City 44 500 000 € D Nicolás Otamendi
100%
17 15/16 Palermo FC Juventus 41 000 000 € A Paulo Dybala
100%
19 11/12 Atlético de Madrid Manchester City 40 000 000 € A Sergio Agüero
100%
8 22/23 Atalanta BC Tottenham Hotspur 52 000 000 € D Cristian Romero
86%
28 19/20 Genoa CFC Juventus 31 500 000 € D Cristian Romero
86%
3 24/25 Manchester City Atlético de Madrid 75 000 000 € A Julián Alvarez
86%
9 20/21 Inter Paris Saint-Germain 50 000 000 € A Mauro Icardi
86%
10 25/26 Manchester United Chelsea FC 46 200 000 € A Alejandro Garnacho
71%
11 25/26 CA River Plate Real Madrid CF 45 000 000 € A Franco Mastantuono
71%
6 22/23 AFC Ajax Manchester United 57 370 000 € D Lisandro Martínez
71%
25 21/22 Udinese Calcio Atlético de Madrid 35 000 000 € M Rodrigo De Paul
71%
27 20/21 Real Betis Balompié Tottenham Hotspur 32 000 000 € M Giovani Lo Celso
57%
7 00/01 AC Parma SS Lazio 56 810 000 € A Hernán Crespo
57%
20 02/03 SS Lazio Inter 40 000 000 € A Hernán Crespo
57%
22 21/22 Norwich City FC Aston Villa FC 38 400 000 € M Emiliano Buendía
43%
14 01/02 SS Lazio Manchester United 42 600 000 € M Juan Sebastián Verón
43%
29 99/00 AC Parma SS Lazio 30 000 000 € M Juan Sebastián Verón
43%
30 13/14 AS Roma Tottenham Hotspur 30 000 000 € A Erik Lamela
29%
23 00/01 ACF Fiorentina AS Roma 36 150 000 € A Gabriel Batistuta
29%
24 01/02 CA River Plate FC Barcelona 35 900 000 € A Javier Saviola
0%
Aucun quiz correspondant
Distribution des résultats
% des personnes avec chaque résultat
Percentile par nombre de réponses
Votre historique - résultats
Vous n’avez pas pris ce quiz depuis la dernière actualisation